| 000 | 00979nam a2200301Ia 4500 | ||
|---|---|---|---|
| 003 | GCL | ||
| 008 | 140319s9999 xx 000 0 ara d | ||
| 020 | _a1835069977 | ||
| 040 |
_aGCL / _cGCL |
||
| 082 | 0 | 4 |
_a170 _bأ م |
| 100 | 1 | _aاشرف فتحى عمارة صابر | |
| 245 | 1 | 0 |
_aالمعرفة والاخلاق بين البطليوسى وابن باجة / _cاشرف فتحى عمارة صابر |
| 250 | _aالاولى | ||
| 260 |
_aالقاهرة : _bمطبعة جامعة المنصورة ، _c2005 |
||
| 300 |
_a340 ص ؛ _c24 سم |
||
| 650 | 0 | 4 | _aالمعرفة |
| 650 | 0 | 4 | _aالاخلاق - مذاهب |
| 650 | 0 | 4 | _aالخير والشر |
| 650 | 0 | 4 | _aالادراك |
| 650 | 0 | 4 | _aالاخرة |
| 650 | 0 | 4 | _aالعلم والأخلاق |
| 650 | 0 | 4 | _aالاخلاق - علم |
| 650 | 0 | 4 | _aالاخلاق - فلسفة |
| 650 | 0 | 4 | _aالموت - علم النفس |
| 650 | 0 | 4 | _aالبطليوس |
| 650 | 0 | 4 | _aابن باجة |
| 942 |
_2ddc _cBK |
||
| 999 |
_c7635 _d7635 |
||